| 000 | 00627nam a2200217Ia 4500 | ||
|---|---|---|---|
| 005 | 20250508164042.0 | ||
| 008 | 008 250505s9999 xx 000 0 eng d | ||
| 020 | _a81-266-0056-X | ||
| 037 | _aTextual | ||
| 040 |
_aFEDL _beng _cFEDL |
||
| 041 |
_aeng _2eng |
||
| 084 |
_a374, IGN _qFEDL |
||
| 245 | 0 | _aStaff development in distance education : ES-319 | |
| 245 | 0 | _cIGNOU | |
| 260 |
_aNew Delhi, India _bIndira Gandhi National Open University School of Education _c2001 |
||
| 365 |
_aINR _b2005 |
||
| 546 | _aNo 1-5 | ||
| 650 | _aAdult Education | ||
| 942 |
_cTEXL _h374, IGN |
||
| 999 |
_c1386796 _d1386796 |
||